The "Largest" World Geography Quiz #1 - Statistics

General Stats
  • This quiz has been taken 46 times
  • The average score is 11 of 15
Answer Stats
Hint Size (cubic/square miles, people) Answer % Correct
The largest country in the world (Population) 1.5 billion China
100%
The largest country in the world (Area) 6.602 million Russia
100%
The largest continent in the world 17.21 million Asia
98%
The largest ocean in the world 63.8 million Pacific Ocean
95%
The largest island in the world 836,300 Greenland
90%
The largest hot desert in the world (Area) 3.3 million Sahara Desert
90%
The largest saline lake in the world (Surace Area) 143,244 Caspian Sea
80%
The largest gulf in the world 600,000 Gulf of Mexico
80%
The largest city in the world (Population) 14 million Tokyo
80%
The largest freshwater lake in the world (Volume) 5,666 Lake Baikal
75%
The largest freshwater lake in the world (Surface Area) 31,700 Lake Superior
75%
The largest bay in the world (Surface Area) 838,600 Bay of Bengal
55%
The largest peninsula in the world 1.3 million Arabian Peninsula
50%
The largest sea in the world (Surface Area) 2.2 million Philippine Sea
10%
The largest plain (low-lying flatlands) in the world (Area) 1.2 million West Siberian Plain
0%
No matching quizzes found
Score Distribution
Percent of People with Each Score
Percentile by Number Answered
Your Score History
You have not taken this quiz